Quality awareness as a business goal. Implementation of the TQM concept and ISO 9000 (Record no. 66155)

MARC details
000 -LEADER
fixed length control field 00387nam a2200133Ia 4500
100 ## - MAIN ENTRY--AUTHOR NAME
Personal name Ghoniem M
245 #0 - TITLE STATEMENT
Title Quality awareness as a business goal. Implementation of the TQM concept and ISO 9000
260 ## - PUBLICATION, DISTRIBUTION, ETC. (IMPRINT)
Name of publisher International Polymer Science and Technology
Year of publication 1996
300 ## - PHYSICAL DESCRIPTION
Number of Pages 14-17
650 ## - SUBJECT ADDED ENTRY--TOPICAL TERM
Topical Term ISO9000
650 ## - SUBJECT ADDED ENTRY--TOPICAL TERM
Topical Term TQM
942 ## - ADDED ENTRY ELEMENTS (KOHA)
Koha item type Journals
Holdings
Withdrawn status Lost status Damaged status Not for loan Home library Current library Shelving location Date acquired Serial Enumeration / chronology Koha item type
      Journals RRII Library RRII Library Rubber chemistry 17/12/2021 Volume 23, Issue 2 Journals